|
|
|
|
| LEADER |
02242nam a22005415i 4500 |
| 001 |
978-1-137-46950-2 |
| 003 |
DE-He213 |
| 005 |
20160406151346.0 |
| 007 |
cr nn 008mamaa |
| 008 |
160126s2016 xxk| s |||| 0|eng d |
| 020 |
|
|
|a 9781137469502
|9 978-1-137-46950-2
|
| 024 |
7 |
|
|a 10.1057/9781137469502
|2 doi
|
| 040 |
|
|
|d GrThAP
|
| 050 |
|
4 |
|a HD62.4-HD62.45
|
| 072 |
|
7 |
|a KJ
|2 bicssc
|
| 072 |
|
7 |
|a BUS069020
|2 bisacsh
|
| 082 |
0 |
4 |
|a 658.049
|2 23
|
| 245 |
1 |
0 |
|a ICTs in Developing Countries
|h [electronic resource] :
|b Research, Practices and Policy Implications /
|c edited by Bidit Dey, Karim Sorour, Raffaele Filieri.
|
| 264 |
|
1 |
|a London :
|b Palgrave Macmillan UK :
|b Imprint: Palgrave Macmillan,
|c 2016.
|
| 300 |
|
|
|a XX, 191 p.
|b online resource.
|
| 336 |
|
|
|a text
|b txt
|2 rdacontent
|
| 337 |
|
|
|a computer
|b c
|2 rdamedia
|
| 338 |
|
|
|a online resource
|b cr
|2 rdacarrier
|
| 347 |
|
|
|a text file
|b PDF
|2 rda
|
| 520 |
|
|
|a ICTs in Developing Countries is a collection of conceptual and empirical works on the adoption and impacts of ICT use in developing societies. Bringing together a wide range of disciplines and contributors, it offers a rich examination of digital divide and ICT for development both in terms of contextual information and disciplinary perspectives.
|
| 650 |
|
0 |
|a Business.
|
| 650 |
|
0 |
|a Leadership.
|
| 650 |
|
0 |
|a Management information systems.
|
| 650 |
|
0 |
|a International business enterprises.
|
| 650 |
|
0 |
|a Electrical engineering.
|
| 650 |
|
0 |
|a International economics.
|
| 650 |
|
0 |
|a Development economics.
|
| 650 |
1 |
4 |
|a Business and Management.
|
| 650 |
2 |
4 |
|a International Business.
|
| 650 |
2 |
4 |
|a Development Economics.
|
| 650 |
2 |
4 |
|a Business Information Systems.
|
| 650 |
2 |
4 |
|a Communications Engineering, Networks.
|
| 650 |
2 |
4 |
|a International Economics.
|
| 650 |
2 |
4 |
|a Business Strategy/Leadership.
|
| 700 |
1 |
|
|a Dey, Bidit.
|e editor.
|
| 700 |
1 |
|
|a Sorour, Karim.
|e editor.
|
| 700 |
1 |
|
|a Filieri, Raffaele.
|e editor.
|
| 710 |
2 |
|
|a SpringerLink (Online service)
|
| 773 |
0 |
|
|t Springer eBooks
|
| 776 |
0 |
8 |
|i Printed edition:
|z 9781349563203
|
| 856 |
4 |
0 |
|u http://dx.doi.org/10.1057/9781137469502
|z Full Text via HEAL-Link
|
| 912 |
|
|
|a ZDB-2-BUM
|
| 950 |
|
|
|a Business and Management (Springer-41169)
|